| 000 | 01009nam a2200289Ia 4500 | ||
|---|---|---|---|
| 003 | OSt | ||
| 005 | 20221007124219.0 | ||
| 006 | a|||||r|||| 00| 0 | ||
| 007 | ta | ||
| 008 | 221006b |||||||| |||| 00| 0 eng d | ||
| 020 | _a9788173717093 (pbk) | ||
| 024 | _a118594 | ||
| 037 |
_b126, 13/12/2010, Dhanraj Book House _cTextbook |
||
| 040 |
_aCDL _cCDL _beng |
||
| 041 |
_2eng _aeng |
||
| 082 | _aE5,8191, Q0-;4 Carc | ||
| 100 |
_aGupta BD _9718666 |
||
| 245 | 0 |
_aBasic organometallic chemistry:concepts, syntheses and applications _b Elias A J |
|
| 260 |
_aHyderabad _bUniversities Press Private Limited _c2010 |
||
| 300 |
_a524p. _ccm. |
||
| 500 | _aIncludes bibliographical references.; Appendices 1-3, 431-519p.; Index 520-524p. | ||
| 650 | _a Organometallic chemistry | ||
| 650 | _aChemistry | ||
| 700 |
_a Elias A J _9718667 |
||
| 942 |
_hE5,8191, Q0-;4 Carc _cTB _2CC |
||
| 999 |
_c1213185 _d1213185 |
||